Paises de África por sus capitales - Estadísticas

Estadísticas generales
  • Esta prueba ha sido intentada 770 veces
  • La puntuación promedio es 36 de 54
Estadísticas de respuestas
Capital Pais % Correcto
Argel Argelia
98%
Cairo Egipto
94%
Bisáu Guinea-Bissau
91%
Nairobi Kenia
87%
Antananarivo Madagascar
87%
Dakar Senegal
87%
Túnez Tunez
87%
Adís Abeba Etiopía
85%
Rabat Marruecos
85%
Santo Tomé Santo Tome y Príncipe
84%
Yibuti Yibuti
84%
Pretoria Sudafrica
79%
Acra Ghana
78%
Trípoli Libia
78%
Luanda Angola
77%
Abuya Nigeria
77%
Brazzaville República del Congo
75%
Jartum Sudán
74%
Kinsasa República Democrática del Congo
73%
Maputo Mozambique
72%
Mogadiscio Somalia
70%
Freetown Sierra Leona
69%
Bamako Mali
67%
Praia Cabo Verde
65%
Conakri Guinea
64%
Kampala Uganda
64%
Monrovia Liberia
63%
Victoria Seychelles
63%
Libreville Gabón
62%
Dodoma Tanzania
62%
Gaborone Botsuana
61%
Malabo Guinea Ecuatorial
61%
Port Louis Mauricio
61%
Niamey Níger
61%
Lomé Togo
61%
PortoNovo Benin
60%
Asmara Eritrea
60%
Windhoek Namibia
60%
Harare Zimbabue
60%
Uagadugú Burkina Faso
59%
Nuakchot Mauritania
59%
Kigali Ruanda
58%
Banjul Gambia
56%
Yaundé Camerún
55%
Bangui República Centroafricana
55%
Lusaka Zambia
54%
Lilongüe Malaui
52%
Yamusukro Costa de Marfil
51%
Mbabane Suazilandia
51%
Yamena Chad
50%
Maseru Lesoto
50%
Yuba Sudán del Sur
49%
Moroni Comoras
48%
Buyumbura Burundi
43%
No se encontraron pruebas coincidentes
Distribución de puntuación
Porcentaje de gente con cada puntuación
Porcentaje por número respondido
Historial de tus puntuaciones
No has intentado esta prueba.